Statystyki dla Wszystkie lokalizacje w których odbywały się rundy cyklu SGP!

Kliknij tutaj aby rozwiązać quiz!

Ogólne statystyki

  • Ten quiz został rozwiązany 290 razy
  • Średni wynik to 17 z 42

Statystyki odpowiedzi

Liczba rozegranych turniejów (2 w 1 roku=1)Nazwa Miasta:% Poprawnych
14Toruń
95%
11Gorzów
94%
13Wrocław
92%
7Warszawa
89%
27Praga
82%
5Leszno
77%
15Bydgoszcz
70%
21Cardiff
70%
1Lublin
70%
6Teterow
66%
17Vojens
60%
17Malila
59%
5Gorican
56%
1Ryga
47%
8Sztokholm
47%
14Krsko
43%
3Melbourne
43%
12Kopenhaga
41%
1Berlin
36%
2Londyn
36%
1Sydney
35%
2Chorzów
33%
4Horsens
33%
3Auckland
30%
1Togliatti
28%
1Landshut
27%
5Terenzano
26%
2Tampere
24%
8Dyneburg
23%
2Hallstavik
21%
5Lonigo
20%
9Goteborg
18%
1Gelsenkirchen
17%
3Eskilstuna
16%
3Hamar
13%
3Coventry
11%
1Avesta
9%
2Pocking
9%
1Wiener Neustadt
9%
1Abensberg
8%
1Bradford
8%
6Linkoping
8%

Rozkład punktacji

Percentyl według liczby udzielonych odpowiedzi

Procent ludzi z każdym wynikiem

Twoja historia wyników

Nie rozwiązałeś tego quizu